• 首页
  • 本馆介绍
  • 公告通知
  • 最新文献
  • 馆藏检索
  • 电子资源
  • 读者导购
  • 参考咨询
  • 我的图书馆
  • 登录
  • 详细信息显示
  • 放入我的书架
  • 预约/预借图书
  • 作者相关作品
  • 分类相关作品
  • 丛书相关作品
  • 出版社相关作品

书目信息

  • 表格格式
  • 工作单格式
  • 卡片格式
题名:
智力分化模型
    
 
作者: 邱章乐 , 徐方 著
分册:  
出版信息: 北京   中国国际广播出版社  2021.1
页数: 217页
开本: 26cm
丛书名:
单 册:
中图分类: B848.5
科图分类:
主题词: 智力--分化--研究
电子资源:
ISBN: 978-7-5078-4670-6
000 01071nam0 2200253 45
001 012001000736
005 20140820080511.0
010    @a978-7-5078-4670-6@dCNY58.00
100    @a20210201d2021 em y0chiy0110 ea
101 0  @achi
102    @aCN@b110000
105    @aa z 000yy
106    @ar
200 1  @a智力分化模型@Azhi li fen hua mo xing@f邱章乐, 徐方著
210    @a北京@c中国国际广播出版社@d2021.1
215    @a217页@c图,照片@d26cm
300    @a清华大学社科院“积极心理学与潜能发展心理学相融合”研究课题
330    @a本书从因素分析到多元智力,从“多元智力”到“多元潜能”,梳理了学界分化理论的历史源流及分化模型产生的背景;重点剖析了智力分化的内在动能,并从动态分化到分化模型,从分化模型到“钟摆理论”,从钟摆理论到“分化之窗”,从“分化之窗”到“天才之路”,从智力分化到人格分化,详实介绍了该模型的内在结构及其哲学意义、操作意义和心理学理论创新的积极意义。
606 0  @a智力@x分化@x研究
690    @aB848.5@v5
701  0 @a邱章乐@Aqiu zhang le@4著
701  0 @a徐方@Axu fang@4著
801    @aCN@bAHXH@c20210922
905    @b1246985-9@dB848.5@e3749@f5
    
    智力分化模型/邱章乐, 徐方著.-北京:中国国际广播出版社,2021.1
    217页:图,照片;26cm
    清华大学社科院“积极心理学与潜能发展心理学相融合”研究课题
    
    ISBN 978-7-5078-4670-6:CNY58.00
    本书从因素分析到多元智力,从“多元智力”到“多元潜能”,梳理了学界分化理论的历史源流及分化模型产生的背景;重点剖析了智力分化的内在动能,并从动态分化到分化模型,从分化模型到“钟摆理论”,从钟摆理论到“分化之窗”,从“分化之窗”到“天才之路”,从智力分化到人格分化,详实介绍了该模型的内在结构及其哲学意义、操作意义和心理学理论创新的积极意义。
●
相关链接 在E读中查询图书 在五车中查询图书 在当当中查询图书 在豆瓣中查询图书


正题名:智力分化模型     索取号:B848.5/3749         预约/预借

序号 登录号 条形码 馆藏地/架位号 状态 备注
1 1246985   212469853   第一样本阅览室/ [索取号:B848.5/3749] 在馆    
2 1246986   212469862   教育系资料室/ [索取号:B848.5/3749] 在馆    
3 1246987   212469871   教育系资料室/ [索取号:B848.5/3749] 在馆    
4 1246988   212469880   第一借阅区/ [索取号:B848.5/3749] 在馆    
5 1246989   212469899   第一借阅区/ [索取号:B848.5/3749] 在馆    
唐山师范学院图书馆 欢迎您!
大连网信软件有限公司© 版权所有